000
00303nam a22001217a 4500
040
_c
SK
082
_a
580
100
_a
គួយ សុផល
245
_a
Plant classification; ចំណែកថ្នាក់រុក្ខជាតិ
260
_a
RUA
_b
KUY
_c
1994
300
_a
98p.
942
_c
KB
999
_c
10353
_d
10353